| 000 | 00945nam a2200241 u 4500 | ||
|---|---|---|---|
| 005 | 20221101063603.0 | ||
| 008 | 090917s2006 mx r 000 0 spa d | ||
| 020 | _a9707292431 | ||
| 035 | _aUPN01000172339 | ||
| 049 | _aCG | ||
| 050 | 4 |
_aLC3993 _bV3.2 |
|
| 100 | 1 |
_aValadez Sierra, María de los Dolores _936931 |
|
| 245 | 1 | 0 |
_aAlumnos superdotados y talentosos : _bidentificación, evaluación e intervención : una perspectiva para docentes / _cMaría de los Dolores Valadez Sierra, Julián Betancourt Morejón, María Alicia Zavala Berbena. |
| 260 |
_aMéxico : _bManual Moderno, _c2006. |
||
| 300 | _a493 p. | ||
| 650 | 4 |
_aNIÑOS SUPERDOTADOS - _xEDUCACION _919035 |
|
| 650 | 4 |
_aNIÑOS TALENTOSOS - _xEDUCACION _914853 |
|
| 650 | 4 |
_aINTELIGENCIA - _xPRUEBAS _96228 |
|
| 650 | 2 |
_aAprendizaje escolar _96487 |
|
| 700 | 1 |
_aBetancourt Morejón, Julián, _ecoaut. _937212 |
|
| 700 | 1 |
_aZavala Berbena, María Alicia, _ecoaut. |
|
| 905 | _aLibro | ||
| 999 |
_c144443 _d144443 |
||